LEADER 01378nam 2200385 450 001 000009647 005 20050718115300.0 010 $a88-206-2935-6 100 $a20020124d1992----km-y0itay0103----ba 101 0 $aita 102 $aIT 200 1 $aMicrobiologia dei salumi$fCarlo Zambonelli ... [et al.] 210 $aBologna$cEdagricole$d1992 215 $a268 p.$cill.$d26 cm 606 $aSalumi$xMicrobiologia 606 $aMicrobiologia alimentare 676 $a576.163$v(20. ed.)$9Microbiologia alimentare 702 1$aZambonelli,$bCarlo 801 0$aIT$bUniversità della Basilicata - B.I.A.$gRICA$2unimarc 912 $a000009647 996 $aMicrobiologia dei salumi$976399 997 $aUNIBAS BAS $aMONAGR BAS $aMONOGR BAS $aAGRARIA CAT $aSTD006$b01$c20020124$lBAS01$h1245 CAT $aTORRE$b20$c20020129$lBAS01$h1036 CAT $c20050601$lBAS01$h1754 CAT $abatch$b01$c20050718$lBAS01$h1050 CAT $c20050718$lBAS01$h1109 CAT $c20050718$lBAS01$h1139 CAT $c20050718$lBAS01$h1153 FMT Z30 -1$lBAS01$LBAS01$mBOOK$1BASA2$APolo Tecnico-Scientifico$2DID$BDidattica$3PTS.s3.p43.6$682689$5A82689$820020124$f04$FPrestabile Didattica Z30 -1$lBAS01$LBAS01$mBOOK$1BASA2$APolo Tecnico-Scientifico$2DID$BDidattica$3PTS.s3.p43.6A$682690$5A82690$820030526$f04$FPrestabile Didattica LEADER 01386nam 2200397 450 001 000016771 005 20060215125425.0 010 $a0-12-182053-X 100 $a20031013d1987----km-y0itay0103----ba 101 0 $aeng 102 $aUS 200 1 $aGuide to molecular cloning techniques$fedited by Shelby L. Berger, Alan R. Kimmel$v152 210 $aOrlando...[etc.]$cAcademic Press$d1987 215 $aXL, 812 p.$cill.$d24 cm 225 2 $aMethods in enzymology$v152 410 1$12001$aMethods in enzymology$v152 606 1 $aClonazione 606 2 $aBiotecnologia 676 $a660.65$v(21. ed.)$9Biotecnologia. Ingegneria genetica 702 1$aBerger,$bShelby L. 702 1$aKimmel,$bAlan R. 801 0$aIT$bUniversità della Basilicata - B.I.A.$gRICA$2unimarc 912 $a000016771 996 $aGuide to molecular cloning techniques$981971 997 $aUNIBAS BAS $aAGRARIA CAT $aSTD032$b01$c20031013$lBAS01$h1635 CAT $aTORRE$b20$c20031027$lBAS01$h1034 CAT $c20050601$lBAS01$h1755 CAT $abatch$b01$c20050718$lBAS01$h1053 CAT $c20050718$lBAS01$h1112 CAT $c20050718$lBAS01$h1142 CAT $c20050718$lBAS01$h1156 CAT $aTTM$b30$c20060215$lBAS01$h1254 FMT Z30 -1$lBAS01$LBAS01$mBOOK$1BASA2$APolo Tecnico-Scientifico$2DID$BDidattica$3PTS$657598$5A57598$820031013$f98$FConsultazione